10 najlepszych angielskich zespołów w tabeli wszechczasów - Statystyki

Ogólne statystyki
  • Ten quiz został rozwiązany 50 razy
  • Średni wynik to 9 z 10
Statystyki odpowiedzi
L.P Odpowiedź Punkty % Poprawnych
4. Chelsea 2314
100%
3. Liverpool 2342
100%
1. Manchester United 2543
100%
2. Arsenal 2388
98%
6. Manchester City 1880
98%
5. Tottenham Hotspur 1951
88%
9. Aston Villa 1553
86%
7. Everton 1698
76%
8. Newcastle United 1607
67%
10. West Ham United 1393
65%
Nie znaleziono quizów pasujących do podanych kryteriów
Rozkład punktacji
Procent ludzi z każdym wynikiem
Percentyl według liczby udzielonych odpowiedzi
Twoja historia wyników
Nie rozwiązałeś tego quizu